| 000 | 00704nmc a2200265 a 4500 | ||
|---|---|---|---|
| 003 | AR-BaBNM | ||
| 005 | 20251128202755.0 | ||
| 008 | 159019s1966 ||||||||||||||000 | spa|| | ||
| 040 | _cAR-BaBNM | ||
| 100 | 1 |
_aGhiano, Juan Carlos _d1920-1990 |
|
| 245 | 1 | 0 | _aRicardo Güiraldes |
| 260 |
_aBuenos Aires _bPleamar _c1966 |
||
| 300 | 0 |
_a157 p. _bláms. |
|
| 490 | 0 | _aArquetipos | |
| 500 | 0 | _aContiene referencias bibliográficas en p. 151 | |
| 600 | 1 | 4 |
_aGüiraldes, Ricardo _d1886-1927 |
| 650 | 4 | _aLITERATURA ARGENTINA | |
| 650 | 4 | _aCRITICA LITERARIA | |
| 650 | 4 | _aBIOGRAFIAS | |
| 650 | 4 | _aESCRITORES | |
| 653 | 0 | _aLITERATURA GAUCHESCA | |
| 655 | _aLITERATURA | ||
| 942 | _cBK | ||
| 998 | _cMARTIN | ||
| 999 |
_c504 _d504 |
||